| 000 | 00820nam a22002177a 4500 | ||
|---|---|---|---|
| 005 | 20240613142003.0 | ||
| 008 | 220423b ||||| |||| 00| 0 eng d | ||
| 040 | _cAloy | ||
| 041 | _aTulu | ||
| 082 |
_223 _aT894.4 _bDEEB |
||
| 100 |
_aP Deekayya _9170586 |
||
| 100 |
_934135 _dಪಿ ಡೀಕಯ್ಯ |
||
| 245 |
_aBaba Sayeb Ambedkar: vonji parichaya _bಬಾಬಾ ಸಾಯೇಬ್ ಅಂಬೇಡ್ಕರ್: ಒಂಜಿ ಪರಿಚಯ |
||
| 260 |
_aBengaluru _bKannada mattu Samskrati Nirdeshanalaya _c1997 |
||
| 300 |
_a52 p. _bPB _c21x14 cm |
||
| 365 |
_2Tulu _b18.00 _c₹ _d18.00 |
||
| 650 |
_aBiography: ಜೀವನ ಚರಿತ್ರೆ _931124 |
||
| 650 |
_aTulu Prose: ತುಳು ಪ್ರಬಂಧ _931125 |
||
| 700 |
_aDEEKAYYA (P): ಡೀಕಯ್ಯ (ಪಿ) _931126 |
||
| 942 |
_2ddc _cGF |
||
| 999 |
_c222573 _d222573 |
||